[Event "Wch Blitz"]
[Site "Samarkand"]
[Date "2023.12.30"]
[Round "12"]
[White "Xu, Xiangyu"]
[Black "Kakabayaev, Mergen"]
[Result "0-1"]
[WhiteElo "2623"]
[BlackElo "2266"]
[PlyCount "118"]
[EventDate "2023.12.29"]
[EventType "swiss (blitz)"]
[EventRounds "21"]
[EventCountry "UZB"]
[SourceTitle "CBM 217 Extra"]
[Source "ChessBase"]
[SourceDate "2024.01.31"]
[SourceVersion "1"]
[SourceVersionDate "2024.01.31"]
[SourceQuality "1"]

1. d4 d5 2. c4 c6 3. Nf3 Nf6 4. Qc2 e6 5. g3 Nbd7 6. Bg2 Bd6 7. 0-0 0-0 8. Nbd2 Re8 9. b3 e5 10. dxe5 Nxe5 11. Bb2 Bg4 12. Rfe1 Bh5 13. Nh4 dxc4 14. Nxc4 Nxc4 15. Qxc4 Be5 16. Bxe5 Rxe5 17. e4 Qb6 18. h3 Rae8 19. Rac1 Bg6 20. Nxg6 hxg6 21. Rcd1 g5 22. Re2 a5 23. Kf1 g6 24. Rd6 Kg7 25. Qc3 Qb4 26. Qxb4 axb4 27. f4 gxf4 28. gxf4 Ra5 29. Bf3 Rea8 30. e5 Ng8 31. Rd7 Kf8 32. Rxb7 Rxa2 33. Bxc6 Ra1+ 34. Kf2 Rc8 35. Be4 Rc3 36. Rxb4 Rxh3 37. Rd2 Nh6 38. e6 Ng4+ 39. Kg2 Rh2+ 40. Kg3 Rxd2 41. Kxg4 f5+ 42. Kg5 fxe4 43. Kf6 Ra8 44. Rxe4 Rg2 45. Rd4 Ke8 46. Rd7 Ra5 47. Re7+ Kd8 48. Rd7+ Kc8 49. Rd4 Rf5+ 50. Ke7 Re2 51. Rd8+ Kc7 52. Rg8 Rxf4 53. Rxg6 Rb4 54. Rg3 Rb6 55. Rg6 Rxb3 56. Rf6 Rh3 57. Kf8 Rh8+ 58. Kg7 Re8 59. Kf7 Kd8 0-1

[Event "Wch Rapid"]
[Site "Samarkand"]
[Date "2023.12.26"]
[Round "2"]
[White "Kakabayaev, Mergen"]
[Black "Gorovets, Andrey"]
[Result "0-1"]
[WhiteElo "2266"]
[BlackElo "2481"]
[PlyCount "66"]
[EventDate "2023.12.26"]
[EventType "swiss (rapid)"]
[EventRounds "13"]
[EventCountry "UZB"]
[SourceTitle "CBM 217 Extra"]
[Source "ChessBase"]
[SourceDate "2024.01.31"]
[SourceVersion "1"]
[SourceVersionDate "2024.01.31"]
[SourceQuality "1"]

1. e4 c6 2. d4 d5 3. e5 Bf5 4. h4 Qb6 5. Nc3 h5 6. Nge2 e6 7. Ng3 Bg6 8. Be2 c5 9. dxc5 Bxc5 10. 0-0 Qd8 11. Bg5 Be7 12. Bxe7 Nxe7 13. Nxh5 Bxh5 14. Bxh5 Nbc6 15. Re1 g6 16. Bf3 Rxh4 17. g3 Rh8 18. Qd2 Qb6 19. a3 Nf5 20. Kg2 0-0-0 21. b4 Qd4 22. Rad1 Kb8 23. Nb5 Qb6 24. Nc3 Ncd4 25. Bg4 Rc8 26. Na4 Qc6 27. Nc5 b6 28. c3 Nb5 29. a4 d4+ 30. Ne4 Nxc3 31. Bf3 Nxd1 32. Qxd1 Qc2 33. Nc5 Rh2+ 0-1

[Event "Titled Tuesday intern op 19th Sep Late"]
[Site "Chess.com INT"]
[Date "2023.09.19"]
[Round "5"]
[White "Castella Garcia, Fausto"]
[Black "Kakabayaev, Mergen"]
[Result "1-0"]
[WhiteElo "2320"]
[BlackElo "2266"]
[PlyCount "57"]
[EventDate "2023.09.19"]
[EventType "swiss (blitz)"]
[EventRounds "11"]
[EventCountry "USA"]
[SourceTitle "EXT 2024"]
[Source "ChessBase"]
[SourceDate "2023.10.10"]
[SourceVersion "1"]
[SourceVersionDate "2023.10.10"]
[SourceQuality "1"]

1. e4 e6 2. Nf3 d5 3. e5 c5 4. b4 cxb4 5. d4 Nc6 6. a3 bxa3 7. c3 Bd7 8. Bd3 a6 9. Bxa3 Bxa3 10. Nxa3 b5 11. Nc2 Nge7 12. Ne3 Na5 13. Nd2 Nc4 14. Qg4 0-0 15. Nb3 Qb6 16. Nc5 Nxe5 17. Bxh7+ Kxh7 18. Qh5+ Kg8 19. Qxe5 Bc6 20. h4 Qb8 21. Qg5 f6 22. Qg4 e5 23. h5 Qc8 24. Ne6 Rf7 25. h6 g6 26. h7+ Rxh7 27. Rxh7 Kxh7 28. Qh4+ Kg8 29. Qxf6 1-0

[Event "Titled Tuesday intern op 19th Sep Late"]
[Site "Chess.com INT"]
[Date "2023.09.19"]
[Round "3"]
[White "Kakabayaev, Mergen"]
[Black "Drygalov, Andrey"]
[Result "0-1"]
[WhiteElo "2266"]
[BlackElo "2475"]
[PlyCount "80"]
[EventDate "2023.09.19"]
[EventType "swiss (blitz)"]
[EventRounds "11"]
[EventCountry "USA"]
[SourceTitle "EXT 2024"]
[Source "ChessBase"]
[SourceDate "2023.10.10"]
[SourceVersion "1"]
[SourceVersionDate "2023.10.10"]
[SourceQuality "1"]

1. e4 c5 2. Nf3 d6 3. d4 cxd4 4. Nxd4 Nf6 5. Nc3 a6 6. Bg5 e6 7. f4 h6 8. Bh4 Nbd7 9. Qf3 e5 10. Nf5 g6 11. Ne3 exf4 12. Bxf6 Nxf6 13. Qxf4 h5 14. Ned5 Nxd5 15. Nxd5 Bg7 16. c3 Be5 17. Qf2 0-0 18. Bc4 Be6 19. 0-0 Kg7 20. Kh1 Qg5 21. Rae1 b5 22. Bb3 h4 23. Nc7 Bxb3 24. axb3 Rac8 25. Nd5 a5 26. Re3 b4 27. Rf3 f6 28. Qa7+ Rf7 29. Qxa5 bxc3 30. bxc3 Qg4 31. Qa6 Rb8 32. Qc4 Rc8 33. Qd3 Ra8 34. b4 Ra2 35. R3f2 Rxf2 36. Rxf2 Ra7 37. b5 Ra1+ 38. Rf1 Qxe4 39. Rxa1 Qxd3 40. Nc7 Qxc3 0-1

[Event "Titled Tuesday intern op 19th Sep Late"]
[Site "Chess.com INT"]
[Date "2023.09.19"]
[Round "6"]
[White "Kakabayaev, Mergen"]
[Black "Joie, Sebastien"]
[Result "0-1"]
[WhiteElo "2266"]
[BlackElo "2399"]
[PlyCount "94"]
[EventDate "2023.09.19"]
[EventType "swiss (blitz)"]
[EventRounds "11"]
[EventCountry "USA"]
[SourceTitle "EXT 2024"]
[Source "ChessBase"]
[SourceDate "2023.10.10"]
[SourceVersion "1"]
[SourceVersionDate "2023.10.10"]
[SourceQuality "1"]

1. e4 c5 2. Nf3 Nc6 3. Bb5 g6 4. Bxc6 dxc6 5. h3 Bg7 6. d3 e5 7. Nc3 b6 8. Be3 f6 9. Qd2 Ne7 10. a3 0-0 11. b4 cxb4 12. axb4 f5 13. Qc1 f4 14. Bd2 Qd6 15. Ne2 Bf6 16. Qb2 g5 17. Bc3 Ng6 18. g4 fxg3 19. fxg3 g4 20. hxg4 Bxg4 21. Rf1 Bg7 22. Nd2 Rxf1+ 23. Nxf1 Qd7 24. Ne3 Rf8 25. Nxg4 Qxg4 26. Rxa7 Qf3 27. Qa2+ Kh8 28. Kd1 Qh1+ 29. Be1 Rf1 30. Ra8+ Nf8 31. Kd2 Rxe1 32. Qf7 Rf1 33. Nf4 Rf2+ 34. Kc3 exf4+ 35. e5 fxg3 36. Qe7 Qe1+ 37. Kb2 Qxe5+ 38. Qxe5 Bxe5+ 39. Kb3 g2 40. Re8 Bg7 41. Rc8 g1Q 42. Rxc6 Qb1+ 43. Ka4 Rxc2 44. Rxb6 Ra2+ 45. Kb5 Qxd3+ 46. Kc6 Qd7+ 47. Kc5 Rc2# 0-1

[Event "Titled Tuesday intern op 19th Sep Late"]
[Site "Chess.com INT"]
[Date "2023.09.19"]
[Round "4"]
[White "Kakabayaev, Mergen"]
[Black "Toncheva, Nadya"]
[Result "1-0"]
[WhiteElo "2266"]
[BlackElo "2253"]
[PlyCount "81"]
[EventDate "2023.09.19"]
[EventType "swiss (blitz)"]
[EventRounds "11"]
[EventCountry "USA"]
[SourceTitle "EXT 2024"]
[Source "ChessBase"]
[SourceDate "2023.10.10"]
[SourceVersion "1"]
[SourceVersionDate "2023.10.10"]
[SourceQuality "1"]

1. e4 c5 2. Nf3 Nc6 3. Bb5 e6 4. Bxc6 bxc6 5. 0-0 d6 6. Nc3 e5 7. d3 g6 8. h3 Bg7 9. Be3 Ne7 10. Qd2 0-0 11. a3 Be6 12. b4 cxb4 13. axb4 Qc7 14. Ra5 Rfb8 15. Ne2 Rb5 16. Rfa1 Rxa5 17. Rxa5 Nc8 18. Qc3 Nb6 19. Qa3 h6 20. Ra6 Nc8 21. c4 Bf8 22. Nc3 Qd7 23. Qa5 g5 24. b5 c5 25. Nd5 Bxd5 26. cxd5 Be7 27. Nd2 Bd8 28. Qa4 Rb8 29. Nc4 Bc7 30. Rc6 Ne7 31. Qxa7 Nxc6 32. dxc6 Qd8 33. Qa4 Ra8 34. Qb3 Bb6 35. Bd2 Qc7 36. Ne3 Qa7 37. Nd5 Bd8 38. b6 Qa1+ 39. Kh2 Qa6 40. c7 Kg7 41. b7 1-0

[Event "Titled Tuesday intern op 20th Jun Late"]
[Site "Chess.com INT"]
[Date "2023.06.20"]
[Round "1"]
[White "Figorito, Nick"]
[Black "Kakabayaev, Mergen"]
[Result "1/2-1/2"]
[WhiteElo "2036"]
[BlackElo "2266"]
[PlyCount "116"]
[EventDate "2023.06.20"]
[EventType "swiss (blitz)"]
[EventRounds "11"]
[EventCountry "USA"]
[SourceTitle "EXT 2024"]
[Source "ChessBase"]
[SourceDate "2023.10.10"]
[SourceVersion "1"]
[SourceVersionDate "2023.10.10"]
[SourceQuality "1"]

1. Nf3 Nf6 2. g3 b5 3. Bg2 Bb7 4. 0-0 e6 5. b3 Be7 6. Bb2 0-0 7. d3 d5 8. Nbd2 Nbd7 9. Re1 c5 10. a4 a6 11. axb5 axb5 12. Rxa8 Qxa8 13. Qa1 b4 14. Qxa8 Rxa8 15. Ra1 Rxa1+ 16. Bxa1 Ne8 17. Kf1 Nd6 18. Ke1 Nb5 19. Bb2 Bf6 20. Bxf6 gxf6 21. Kd1 Kf8 22. Nb1 d4 23. Nxd4 cxd4 24. Bxb7 Ne5 25. h3 Ke7 26. Be4 h6 27. f4 Nd7 28. Bc6 Nd6 29. Bxd7 Kxd7 30. g4 f5 31. Ke1 fxg4 32. hxg4 f5 33. g5 hxg5 34. fxg5 Ke7 35. Nd2 Nb5 36. Nf3 Kf7 37. Ne5+ Ke7 38. Nc6+ Kf7 39. Nxb4 Kg6 40. Nc6 Kxg5 41. Kd2 Kf4 42. Nd8 e5 43. Ne6+ Kg3 44. Ng7 Kg4 45. Ne6 f4 46. Nc5 Kf5 47. Ne4 Ke6 48. c4 dxc3+ 49. Nxc3 Nd4 50. b4 Kd6 51. Ne4+ Kc6 52. Nc5 Kb5 53. Nd7 f3 54. exf3 Nxf3+ 55. Ke3 Ne1 56. Nxe5 Kxb4 57. d4 Nc2+ 58. Kd3 Nxd4 1/2-1/2

[Event "Titled Tuesday intern op 20th Jun Late"]
[Site "Chess.com INT"]
[Date "2023.06.20"]
[Round "2"]
[White "Kakabayaev, Mergen"]
[Black "Ferey, Antonin"]
[Result "1-0"]
[WhiteElo "2266"]
[BlackElo "2181"]
[PlyCount "21"]
[EventDate "2023.06.20"]
[EventType "swiss (blitz)"]
[EventRounds "11"]
[EventCountry "USA"]
[SourceTitle "EXT 2024"]
[Source "ChessBase"]
[SourceDate "2023.10.10"]
[SourceVersion "1"]
[SourceVersionDate "2023.10.10"]
[SourceQuality "1"]

1. e4 e5 2. Nc3 Nf6 3. Bc4 Nxe4 4. Qh5 Nd6 5. Bb3 Be7 6. Nf3 Nc6 7. Nb5 0-0 8. Nxd6 cxd6 9. h4 g6 10. Qh6 Re8 11. Ng5 1-0

[Event "Titled Tuesday intern op 21st Mar Late"]
[Site "Chess.com INT"]
[Date "2023.03.21"]
[Round "8"]
[White "Bochnicka, Vladimir1"]
[Black "Kakabayaev, Mergen"]
[Result "1-0"]
[WhiteElo "2309"]
[BlackElo "2309"]
[PlyCount "61"]
[EventDate "2023.03.21"]
[EventType "swiss (blitz)"]
[EventRounds "11"]
[EventCountry "USA"]
[SourceTitle "EXT 2024"]
[Source "ChessBase"]
[SourceDate "2023.10.10"]
[SourceVersion "1"]
[SourceVersionDate "2023.10.10"]
[SourceQuality "1"]

1. e4 e6 2. d4 d5 3. Nd2 c5 4. exd5 Qxd5 5. Ngf3 cxd4 6. Bc4 Qd6 7. 0-0 Nf6 8. Nb3 Nc6 9. Nbxd4 Nxd4 10. Nxd4 a6 11. c3 b5 12. Be2 Bb7 13. Bf3 Bxf3 14. Qxf3 Rd8 15. Bf4 Qb6 16. Rad1 Bc5 17. Nc6 Rxd1 18. Rxd1 Nd5 19. Ne5 Bd6 20. Nxf7 0-0 21. Bxd6 Rxf7 22. Qg3 Nf6 23. Re1 Nh5 24. Rxe6 h6 25. Re8+ Kh7 26. Qd3+ g6 27. Qd4 Qxd4 28. cxd4 Nf6 29. Ra8 Rd7 30. Be5 Ng4 31. Rh8# 1-0

[Event "Titled Tuesday intern op 21st Mar Late"]
[Site "Chess.com INT"]
[Date "2023.03.21"]
[Round "7"]
[White "Kakabayaev, Mergen"]
[Black "Van Foreest, Lucas"]
[Result "0-1"]
[WhiteElo "2309"]
[BlackElo "2570"]
[PlyCount "66"]
[EventDate "2023.03.21"]
[EventType "swiss (blitz)"]
[EventRounds "11"]
[EventCountry "USA"]
[SourceTitle "EXT 2024"]
[Source "ChessBase"]
[SourceDate "2023.10.10"]
[SourceVersion "1"]
[SourceVersionDate "2023.10.10"]
[SourceQuality "1"]

1. e4 b5 2. Bxb5 Bb7 3. Nc3 f5 4. d3 Nf6 5. f3 fxe4 6. dxe4 e5 7. Be3 Bb4 8. Nge2 0-0 9. 0-0 d6 10. a3 Ba5 11. Bc4+ Kh8 12. Nd5 Nbd7 13. Nec3 Nh5 14. b4 Bb6 15. Nxb6 axb6 16. a4 Nf4 17. g3 Nh3+ 18. Kg2 Ng5 19. h4 Nf7 20. a5 bxa5 21. bxa5 Nf6 22. a6 Bc6 23. a7 Qd7 24. Nd5 Nd8 25. Qd3 Ne6 26. Nxf6 Rxf6 27. Bxe6 Qxe6 28. Rab1 h6 29. Qc3 d5 30. Bc5 dxe4 31. Rb8+ Kh7 32. fxe4 Bxe4+ 33. Kg1 Qh3 0-1

[Event "Asian Continental Blitz op 19th"]
[Site "Delhi"]
[Date "2022.11.03"]
[Round "5"]
[White "Hossain, Enamul"]
[Black "Kakabayaev, Mergen"]
[Result "1/2-1/2"]
[WhiteElo "2392"]
[BlackElo "2285"]
[PlyCount "102"]
[EventDate "2022.11.03"]
[EventType "swiss (blitz)"]
[EventRounds "9"]
[EventCountry "IND"]
[SourceTitle "EXT 2024"]
[Source "ChessBase"]
[SourceDate "2023.10.10"]
[SourceVersion "1"]
[SourceVersionDate "2023.10.10"]
[SourceQuality "1"]

1. e4 e6 2. d4 d5 3. e5 c5 4. c3 Qb6 5. Nf3 Nc6 6. a3 Bd7 7. b4 cxd4 8. cxd4 Rc8 9. Be2 a5 10. b5 Nxd4 11. Nxd4 Rxc1 12. Qxc1 Qxd4 13. Ra2 Qxe5 14. 0-0 Bd6 15. g3 Nf6 16. Re1 0-0 17. Qd1 Rc8 18. Bd3 Qg5 19. Rc2 Rxc2 20. Qxc2 h5 21. Nd2 Qg4 22. Be2 Qd4 23. Nb3 Qb6 24. a4 e5 25. Rd1 Be6 26. Bf3 h4 27. Qc3 e4 28. Bg2 Bb4 29. Qd4 Qxd4 30. Nxd4 hxg3 31. hxg3 Kf8 32. Rc1 Bd6 33. b6 Bd7 34. Nb5 Bxb5 35. axb5 Ke7 36. Bh3 Nd7 37. Rc7 Bxc7 38. bxc7 Nb6 39. c8Q Nxc8 40. Bxc8 a4 41. Bxb7 Kd6 42. b6 a3 43. Bxd5 Kxd5 44. b7 a2 45. b8Q a1Q+ 46. Kg2 Qf6 47. Qb7+ Ke5 48. Qb5+ Ke6 49. Qc6+ Kf5 50. Qd5+ Kg6 51. Qxe4+ Qf5 1/2-1/2

[Event "Asian Continental Blitz op 19th"]
[Site "Delhi"]
[Date "2022.11.03"]
[Round "9"]
[White "Kakabayaev, Mergen"]
[Black "Prraneeth, Vuppala"]
[Result "0-1"]
[WhiteElo "2285"]
[BlackElo "2449"]
[PlyCount "70"]
[EventDate "2022.11.03"]
[EventType "swiss (blitz)"]
[EventRounds "9"]
[EventCountry "IND"]
[SourceTitle "EXT 2024"]
[Source "ChessBase"]
[SourceDate "2023.10.10"]
[SourceVersion "1"]
[SourceVersionDate "2023.10.10"]
[SourceQuality "1"]

1. e4 c5 2. Nf3 d6 3. d4 cxd4 4. Nxd4 Nf6 5. Nc3 a6 6. Bg5 e6 7. f4 Be7 8. Qf3 Qc7 9. 0-0-0 Nbd7 10. g4 h6 11. Bxf6 Bxf6 12. h4 Nb6 13. g5 Bxd4 14. Rxd4 Qc5 15. Rd2 Bd7 16. a3 0-0-0 17. g6 f5 18. Bd3 Kb8 19. Re1 fxe4 20. Nxe4 Qc7 21. Ng3 Rhf8 22. Nh5 e5 23. f5 d5 24. Nxg7 Bc8 25. f6 e4 26. Bxe4 dxe4 27. Rxd8 exf3 28. Rxf8 f2 29. Rf1 Qe5 30. Kd2 Nc4+ 31. Kd3 Nxb2+ 32. Kd2 Qd6+ 33. Kc1 Qxf8 34. Rxf2 Nc4 35. f7 Qxg7 0-1

[Event "Asian Continental Blitz op 19th"]
[Site "Delhi"]
[Date "2022.11.03"]
[Round "1"]
[White "Kakabayaev, Mergen"]
[Black "Shyam, Sundar M"]
[Result "0-1"]
[WhiteElo "2285"]
[BlackElo "2518"]
[PlyCount "70"]
[EventDate "2022.11.03"]
[EventType "swiss (blitz)"]
[EventRounds "9"]
[EventCountry "IND"]
[SourceTitle "EXT 2024"]
[Source "ChessBase"]
[SourceDate "2023.10.10"]
[SourceVersion "1"]
[SourceVersionDate "2023.10.10"]
[SourceQuality "1"]

1. e4 c5 2. Nf3 d6 3. d4 cxd4 4. Nxd4 Nf6 5. Nc3 a6 6. Bg5 e6 7. f4 h6 8. Bh4 Nbd7 9. Qf3 e5 10. Nf5 exf4 11. Bxf6 Nxf6 12. 0-0-0 Bxf5 13. exf5 Be7 14. Kb1 0-0 15. Bc4 b5 16. Bb3 Rb8 17. Qxf4 a5 18. a4 bxa4 19. Bxa4 Qc7 20. Ka2 Rfc8 21. Rd3 Rb4 22. Qf3 Qb6 23. b3 d5 24. Qe2 Bf8 25. Nxd5 Nxd5 26. Rxd5 Rxa4+ 27. bxa4 Qb4 28. Rb5 Qxa4+ 29. Kb1 Bb4 30. c4 Qb3+ 31. Qb2 Qxc4 32. Rc1 Qd3+ 33. Ka2 Re8 34. Rb7 Re2 35. Rxb4 axb4 0-1

[Event "Asian Continental op 19th"]
[Site "Delhi"]
[Date "2022.10.30"]
[Round "5"]
[White "Kakabayaev, Mergen"]
[Black "Singh, Ojasva"]
[Result "1-0"]
[WhiteElo "2285"]
[BlackElo "2382"]
[PlyCount "97"]
[EventDate "2022.10.26"]
[EventType "swiss"]
[EventRounds "9"]
[EventCountry "IND"]
[SourceTitle "EXT 2024"]
[Source "ChessBase"]
[SourceDate "2023.10.10"]
[SourceVersion "1"]
[SourceVersionDate "2023.10.10"]
[SourceQuality "1"]

1. e4 c5 2. Nf3 d6 3. d4 cxd4 4. Nxd4 Nf6 5. Nc3 a6 6. Bg5 e6 7. f4 Be7 8. Qf3 Qc7 9. 0-0-0 Nbd7 10. g4 h6 11. Bxf6 Bxf6 12. h4 Nb6 13. g5 Bxd4 14. Rxd4 Qc5 15. Rd2 Bd7 16. a3 Na4 17. Nxa4 Bxa4 18. Bd3 0-0-0 19. Rg2 g6 20. h5 hxg5 21. Rxg5 Qb6 22. hxg6 Rxh1+ 23. Qxh1 Qe3+ 24. Kb1 fxg6 25. Rxg6 Qxf4 26. Rxe6 Kb8 27. Re7 Bc6 28. Qg1 Rh8 29. Qd4 Rh1+ 30. Ka2 d5 31. Bxa6 Qg5 32. Rg7 Qd8 33. Bc4 Rh5 34. exd5 Bxd5 35. Bxd5 Qxd5+ 36. Qxd5 Rxd5 37. b4 Rh5 38. Kb3 Rh3+ 39. c3 Ka7 40. a4 Rf3 41. a5 Ka6 42. Rg6+ Ka7 43. b5 Rf8 44. Rg7 Ka8 45. Kb4 Rf4+ 46. c4 Rf8 47. b6 Rh8 48. Kb5 Rf8 49. c5 1-0